States with only one volcano on a map - Statistics

General Stats
  • This quiz has been taken 13 times
  • The average score is 2 of 7
Answers on the Map
Answers color-coded by a green-red scale on the quiz's map according to % correct below.
 
Answer Stats
State % Correct
Wyoming
89%
Michigan
33%
Illinois
22%
West Virginia
22%
Louisiana
0%
Missouri
0%
New Jersey
0%
No matching quizzes found
Score Distribution
Percent of People with Each Score
Percentile by Number Answered
Your Score History
You have not taken this quiz